000 00326nam a2200097Ia 4500
008 171204s9999 xx 000 0 und d
245 _aEthical Obligations and Decision-Making in Accounting: Text and Cases:
245 _cRoselyn Morris and Steven Mintz
260 _c2016
856 _uhttp://down.ebook777.com/058/007786221X.pdf
999 _c345781
_d345781